Política monetaria (Record no. 5396)

MARC details
000 -CABECERA
campo de control de longitud fija 00615nam a2200217 a 4500
001 - NÚMERO DE CONTROL
campo de control BRCA_5705
005 - FECHA Y HORA DE LA ÚLTIMA TRANSACCIÓN
campo de control 20190320205203.0
008 - DATOS DE LONGITUD FIJA--INFORMACIÓN GENERAL
campo de control de longitud fija 030311s1946----mx-#######---#000-0#spa-#
041 ## - CÓDIGO DE LENGUA
Código de lengua del texto/banda sonora o título independiente spa
044 ## - CÓDIGO DEL PAÍS DE LA ENTIDAD EDITORA/PRODUCTORA
Código MARC del país mx
050 #4 - SIGNATURA TOPOGRÁFICA DE LA BIBLIOTECA DEL CONGRESO
Número de clasificación HG665
Número de documento/Ítem .S83 1946
100 1# - ENTRADA PRINCIPAL--NOMBRE DE PERSONA
Nombre de persona Suárez, Eduardo
9 (RLIN) 14485
245 10 - MENCIÓN DE TÍTULO
Título Política monetaria
Mención de responsabilidad, etc. Eduardo Suárez.
260 ## - PUBLICACIÓN, DISTRIBUCIÓN, ETC.
Lugar de publicación, distribución, etc. México
Nombre del editor, distribuidor, etc. Revista de Economía
Fecha de publicación, distribución, etc. 1946
300 ## - DESCRIPCIÓN FÍSICA
Extensión 75 p.
Dimensiones 20 cm.
500 ## - NOTA GENERAL
Nota general Revista inventariada por Banco de México como libro
500 ## - NOTA GENERAL
Nota general H26
650 14 - PUNTO DE ACCESO ADICIONAL DE MATERIA--TÉRMINO DE MATERIA
Término de materia o nombre geográfico como elemento de entrada Política Monetaria.
Subdivisión de forma Publicación periódica
Subdivisión geográfica México
9 (RLIN) 14486
902 ## - CATALOGADOR
Iniciales GFM
942 ## - ELEMENTOS DE PUNTO DE ACCESO ADICIONAL (KOHA)
Fuente del sistema de clasificación o colocación Library of Congress Classification
Tipo de ítem Koha Libros
Holdings
Estado de retiro Estado de pérdida Estado dañado No para préstamo Localización permanente Ubicación/localización actual Fecha de adquisición Número de inventario Total de préstamos Signatura topográfica completa Código de barras Fecha visto por última vez Precio válido a partir de Tipo de ítem Koha
El ejemplar forma parte de la colección y puede ser consultado según las políticas vigentes.       Biblioteca del Museo Franz Mayer (Rogerio Casas-Alatriste) Biblioteca del Museo Franz Mayer (Rogerio Casas-Alatriste) 03/03/2011 H26   HG665 .S83 1946 (H26) 6141 22/03/2019 22/03/2019 Libros